000 00586nam a2200217 a 4500
001 BRCA_3974
005 20190320204510.0
008 140110s1919----mx-#######---#000-0#ger-#
041 _ager
044 _amx
050 4 _aGV793
_b.R83 1919
245 1 0 _aRuder-und Hausordnung des deutschen Ruder-Vereins, Mexico.
260 _aMéxico
_bDruck von Müller Hnos.
_c1919
300 _a20 p.
_c17 cm.
500 _aCDE49
650 1 4 _aRemo (Deporte)
_910332
650 1 4 _aBotes y navegación en bote
_910333
650 1 4 _aDeportes acuáticos
_910334
902 _aGFM
942 _2lcc
_cB
999 _c3700
_d3700